000 00740cam a22002413a 4500
001 3493
003 PGUSA
005 20140828083033.0
008 021001s2002||||xxu|||||s|||||000 | eng d
040 _aPGUSA
_beng
042 _adc
050 4 _aPS
100 1 _aHolmes, Oliver Wendell,
_d1809-1894
245 1 0 _aWidger's Quotations from the Project Gutenberg Editions of the Works of Oliver W. Holmes, Sr.
_h[electronic resource] /
_cOliver Wendell Holmes
260 _bProject Gutenberg,
_c2002
506 _aPublic domain in the USA.
516 _aElectronic text
653 _aQuotations
700 1 _aWidger, David,
_d1932-
830 0 _aProject Gutenberg
_v3493
856 4 0 _uhttp://www.gutenberg.org/ebooks/3493
942 _cEB
999 _c232822
_d232822